000 00465nam a22001937a 4500
003 MPLRDC
005 20220104190732.0
008 210129b ||||| |||| 00| 0 eng d
020 _a978-988-180596-6
082 _a690.6 YHG
100 _aPAZU 薯伯伯
245 _a风转西藏
_c
250 _a初版二刷
260 _a香港
_b天窗出版
_c2009
300 _b
490 _aTRAVEL: 10
650 _a中国游记--西藏
942 _cBK
_o690.6 YHG
999 _c63925
_d63915